| 000 | 00569nam a22001937a 4500 | ||
|---|---|---|---|
| 999 |
_c14095 _d14095 |
||
| 003 | AR-CdUCM | ||
| 008 | 190422b ||||| |||| 00| 0 spa d | ||
| 020 | _a978-956-316-208-0 | ||
| 040 |
_aMUNICIPALIDAD PROVINCIAL DEL CUSCO _cBIBLIOTECA MUNICIPAL DEL CUSCO |
||
| 082 |
_aPI / 803.08 / _bV77 |
||
| 110 |
_aViva leer _932755 |
||
| 245 | _aCenicienta y sus zapatos de cristal / | ||
| 260 |
_bCopec, _c2017. |
||
| 300 |
_bIlustraciones, _c20 cm. |
||
| 440 |
_aOrigo ; _932756 |
||
| 650 |
_aCuentos infantiles _93927 |
||
| 942 |
_2ddc _cLIBROS |
||
| 945 |
_aacv _d2019-04-22 |
||